| 000 | 01373nam a2200337 c 4500 | ||
|---|---|---|---|
| 003 | BLK | ||
| 005 | 20250110142432.0 | ||
| 008 | 180408b bul|||||r ||||||| ||bul|| | ||
| 010 | _aKNG00094119000 | ||
| 020 |
_a978-954-527-399-5 _bиздат.: Дамян Яков |
||
| 040 | _aBLK | ||
| 041 |
_aBUL _cBUL |
||
| 080 |
_aФинландска литература _b821.511.111 _x-93-31 _z821.511.111-93-31 |
||
| 100 | 1 |
_aЯнсон, Туве _eпърви автор _9365645 |
|
| 700 | 1 |
_aДжебарова, Теодора Иванова _eпрев. _9365894 |
|
| 700 | 1 |
_aЯнсон, Туве _eил. _9365645 |
|
| 139 |
_aЯнсон, Туве _bЯ 67 |
||
| 245 | 1 | 0 |
_aНевидимото дете _cТуве Янсон; прев. Теодора Иванова Джебарова; ил. Туве Янсон. |
| 250 | _a2. изд. | ||
| 257 | _aFIN | ||
| 260 |
_аСофия _bДамян Яков _c2008 _fВ. Търново : Абагар |
||
| 300 |
_a167 с. _bс ил. _c22 см |
||
| 380 | _aDX | ||
| 500 | _aОриг. загл. Det osynliga barnrt och andra berattelser / Tove Jansson. - 1. изд. 1978 на изд. Отечество в Библ. Вълшебници. | ||
| 852 | _aЦб 247010 | ||
| 856 | 4 |
_qpdf _u |
|
| 856 | 4 |
_qpdf _u |
|
| 942 |
_cKNG _n0 _02 |
||
| 944 |
_aCR _c05.02.2010 _k30543 _lИва Цветкова |
||
| 944 |
_aED _c29.05.2012 _k |
||
| 999 |
_c89419 _d89419 |
||